| 000 | 02181cam a22001934a 4500 | ||
|---|---|---|---|
| 005 | 20250605164032.0 | ||
| 008 | 250528s ||||||||||||||||||||||||d | ||
| 035 | _a16686 | ||
| 020 | _a9602206780 | ||
| 040 |
_aGR-AtMCL _bgre _dGR-AtMCL _eAACR2 |
||
| 245 | 1 | _aΘεωρητική και Εφαρμοσμένη Λογιστική Κόστους ΙΙ / Βοήθημα Απαραίτητο για Διοικητικά Στελέχη Επιχειρήσεων και Σπουδαστές Τριτοβάθμιας Εκπαίδευσης | |
| 260 |
_bΑθήνα, _c1994 |
||
| 300 | _a478 | ||
| 520 | _aΠρότυπο Κόστος σε συνδυασμό με το Ε.Γ.Λ.Σ. - Ανάλυση της Ομάδας 9 του Ε.Γ.Λ.Σ. - Προϋπολογισμοί Επιχειρήσεων - Νεκρό Σημείο Ισορροπίας. Εισαγωγή, Πρότυπο Κόστος, Προϋπολογισμοί Επιχειρήσεων, Ανάλυση του Νεκρού Σημείου Ισορροπίας, Αναλυτική Λογιστική Εκμετάλλευσης, Η Έννοια της Αυτονομίας, Λογαριασμός 90 ''Διάμεσοι - Αντικρυζόμενοι Λογαριασμοί, Λογαριασμός 91 ''Ανακατάταξη Εξόδων - Αγορών και Εσόδων'', Λογαριασμός 92 ''Κέντρα (Θέσεις) Κόστους'', Λογαριασμός 93 ''Κόστος Παραγωγής (Παραγωγή σε Εξέλιξη)'', Λογαριασμός 94 ''Αποθέματα'', Λογαριασμός 95 ''Αποκλίσεις από το Πρότυπο Κόστος'', Λογαριασμός 96 ''Έσοδα - Μικτά Αναλυτικά Αποτελέσματα'', Λογαριασμός 97 ''Διαφορές Ενσωματώσεως και Καταλογισμού'', Λογαριασμός 98 ''Αναλυτικά Αποτελέσματα, Συνοπτική Λειτουργία Λογαριασμών, Λογιστικό Σχέδιο, Ασκήσεις, Λύσεις Ασκήσεων. | ||
| 700 | 1 |
_aΒανάκας Αποστόλος _92774 |
|
| 942 | _cBK | ||
| 999 |
_c2161 _d2161 |
||